• 首页
  • 本馆介绍
  • 公告通知
  • 最新文献
  • 馆藏检索
  • 电子资源
  • 读者荐购
  • 参考咨询
  • CALIS
  • 我的图书馆
  • 登录
  • 详细信息显示
  • 放入我的书架
  • 预约/预借图书
  • 作者相关作品
  • 分类相关作品
  • 丛书相关作品
  • 出版社相关作品

书目信息

  • 表格格式
  • 工作单格式
  • 卡片格式
题名:
ASP.NET程序开发范例宝典
    
 
作者: 于国槐 , 宋晶 , 王喜平 编著
分册:  
出版信息: 北京   人民邮电出版社  2015.01
页数: 12, 776页
开本: 26cm
丛书名: 软件工程师
单 册:
中图分类: TP393.092
科图分类:
主题词: 网页制作工具--wang ye zhi zuo gong ju--程序设计
电子资源:
ISBN: 978-7-115-37139-3
 
 
 
 
 
000 01133nam 2200301 450
001 CAL 0120141459186
005 20150819164425.35
010    @a978-7-115-37139-3@dCNY99.00 (含光盘)
010    @a978-7-89397-292-8@b光盘
100    @a20150106d2015 em y0chiy50 ea
101 0  @achi
102    @aCN@b110000
105    @aak z 000yy
106    @ar
200 1  @aASP.NET程序开发范例宝典@AASP.NET cheng xu kai fa fan li bao dian@f王喜平, 于国槐, 宋晶编著
210    @a北京@c人民邮电出版社@d2015.01
215    @a12, 776页@c图@d26cm@e光盘1片
225 2  @a软件工程师@Aruan jian gong cheng shi@e典藏版
330    @a本书全面介绍了ASP.NET进行程序开发的各方面技术和技巧。内容包括搭建ASP.NET开发环境, 页面设计及广告设计, CSS样式与JavaScript脚本应用, 字符串、日期操作, 常用Web服务器控件等。
410  0 @12001 @a软件工程师 (典藏版)
586    @a
606 0  @a网页制作工具@Awang ye zhi zuo gong ju@x程序设计
690    @aTP393.092@v5
701  0 @a于国槐@Ayu guo huai@4编著
701  0 @a宋晶@Asong jing@4编著
701  0 @a王喜平@Awang xi ping@4编著
801  0 @aCN@c20150820
905    @a河南城建学院图书馆@dTP393.092@eW380@f3
    
    ASP.NET程序开发范例宝典/王喜平, 于国槐, 宋晶编著.-北京:人民邮电出版社,2015.01
    12, 776页:图;26cm+光盘1片.-(软件工程师:典藏版)
    
    
    ISBN 978-7-115-37139-3:CNY99.00 (含光盘)
    本书全面介绍了ASP.NET进行程序开发的各方面技术和技巧。内容包括搭建ASP.NET开发环境, 页面设计及广告设计, CSS样式与JavaScript脚本应用, 字符串、日期操作, 常用Web服务器控件等。
●
相关链接 在E读中查询图书 在当当中查询图书 在豆瓣中查询图书


正题名:ASP.NET程序开发范例宝典     索取号:TP393.092/W380         预约/预借

序号 登录号 条形码 馆藏地/架位号 状态 备注
1 1166926   211669265   自科库301/301自科库 129排1列3层/ [索取号:TP393.092/W380] 在馆    
2 1166927   211669274   自科库301/301自科库 125排2列5层/ [索取号:TP393.092/W380] 在馆    
3 1166928   211669283   自科库301/301自科库 129排1列3层/ [索取号:TP393.092/W380] 在馆    
河南城建学院图书馆 欢迎您!
大连网信软件有限公司© 版权所有